000 01042cab a2200217 4500
001 ABS39164
008 090401t1988 xxu||||| |||| 00| 0 eng d
035 _a(Sirsi) u14760
041 _aeng
245 _aArchitectural features
260 _c1988
350 _a0
490 _aBuilding
_v253(7548) 20 May 1988, 52-70(10)
520 _a1. Maverick with a message. J.Stokdyk. A look at building details or architectural embellishments as applied to the new Shakespeare`s Globe Theatre in London. 52-53(2) 2. Embellishing the facts. M.Spring. Architects and designers are falling over each other to find new techniques of embellishing buildings and rediscovering old ones. 56-57(2) 3. Stone-faced layer. G.Ridout. There is a new-found demand for cladding . 62-63(2) 4. Products. Terracotta, floor tiles, wood surrounds, conservatories, spiral stairways. 64-70(3).
650 _aARCHITECTURE
650 _aCONSERVATORIES
650 _aDETAILING
690 _aBUILT ENVIRONMENT-CONSTRUCTION DESIGN
942 _n0
948 _c04/03/1997
999 _c9632
_d9632